[Event "Héviz GM"]
[Site "Hévíz"]
[Date "2015.10.02"]
[Round "1.2"]
[White "Varga, Zoltan"]
[Black "Pacher, Milan"]
[Result "1/2-1/2"]
[WhiteElo "2461"]
[BlackElo "2471"]
[PlyCount "135"]
[EventDate "2015.10.02"]
[EventType "tourn"]
[EventRounds "9"]
[EventCountry "HUN"]
[EventCategory "9"]

1. e4 e5 2. Nf3 Nc6 3. Bc4 Nf6 4. Ng5 d5 5. exd5 Na5 6. Bb5+ c6 7. dxc6 bxc6 8.
Bd3 Nd5 9. Nf3 Bd6 10. O-O Nf4 11. Re1 Nxd3 12. cxd3 O-O 13. b3 c5 14. Nc3 Re8
15. Ba3 Ba6 16. Qc2 Rc8 17. Ne4 Bf8 18. Nxc5 Qd5 19. Rac1 Bxc5 20. Bxc5 Bxd3
21. Qc3 Nc6 22. Be3 h6 23. Qc5 Qd7 24. Rc3 Be4 25. Qb5 Bxf3 26. gxf3 e4 27. Qh5
exf3 28. Kh1 Nd4 29. Rxc8 Rxc8 30. h3 g6 31. Qg4 Qxg4 32. hxg4 Ne2 33. Bxa7 Re8
34. Rb1 f5 35. gxf5 gxf5 36. b4 Kf7 37. Rb3 Ra8 38. Bc5 Rxa2 39. b5 Ra1+ 40.
Kh2 Rg1 41. Rxf3 Rb1 42. b6 f4 43. Rh3 Ke6 44. Kg2 Kd5 45. Rh5+ Kc4 46. Kf3 Nc1
47. Bf8 Nd3 48. Rxh6 Rb3 49. Bg7 Kd5 50. Rh5+ Kc6 51. Bd4 Nc5+ 52. Kxf4 Ne6+
53. Ke4 Rb4 54. Rd5 Nf4 55. Rc5+ Kd6 56. Rc3 Ne6 57. Rd3 Nc5+ 58. Ke3 Nxd3 59.
Kxd3 Kd5 60. Be3 Rb3+ 61. Ke2 Ke4 62. f3+ Ke5 63. Kd1 Kd5 64. Ke2 Ke5 65. Bc5
Kd5 66. Bf2 Ke6 67. Bd4 Kd5 68. Be3 1/2-1/2

[Event "Héviz GM"]
[Site "Hévíz"]
[Date "2015.10.02"]
[Round "1.3"]
[White "Kozak, Adam"]
[Black "Czebe, Attila"]
[Result "0-1"]
[WhiteElo "2349"]
[BlackElo "2439"]
[PlyCount "62"]
[EventDate "2015.10.02"]
[EventType "tourn"]
[EventRounds "9"]
[EventCountry "HUN"]
[EventCategory "9"]

1. d4 b6 2. c4 e6 3. Nc3 Bb4 4. Qb3 c5 5. Nf3 Nc6 6. a3 Ba5 7. Be3 Nf6 8. dxc5
Ne4 9. cxb6 axb6 10. Bd2 Nxd2 11. Nxd2 O-O 12. Rc1 Bb7 13. Qc2 Bxc3 14. Qxc3 d5
15. e3 d4 16. Qd3 dxe3 17. Qxe3 Qf6 18. Rc3 Rfd8 19. Be2 Nd4 20. Nf3 Nf5 21.
Qf4 e5 22. Qxe5 Qg6 23. Qf4 Re8 24. Kf1 Rad8 25. Bd3 Nh4 26. Nxh4 Rxd3 27. Rc1
Qh5 28. f3 g5 29. Qc7 Qxh4 30. Qxb7 Qd4 31. Qc6 Re2 0-1

[Event "Héviz GM"]
[Site "Hévíz"]
[Date "2015.10.02"]
[Round "1.4"]
[White "Kantor, Gergely"]
[Black "Horvath, Adam"]
[Result "1-0"]
[WhiteElo "2403"]
[BlackElo "2540"]
[PlyCount "103"]
[EventDate "2015.10.02"]
[EventType "tourn"]
[EventRounds "9"]
[EventCountry "HUN"]
[EventCategory "9"]

1. d4 Nf6 2. c4 b6 3. f3 c5 4. d5 g6 5. e4 d6 6. Ne2 Bg7 7. Nec3 O-O 8. Be3 e6
9. Be2 exd5 10. cxd5 Re8 11. O-O Na6 12. Kh1 Nc7 13. a4 a6 14. Na3 Rb8 15. Qd2
Nd7 16. g4 Qe7 17. Rg1 Ne5 18. Bg5 Qf8 19. Rab1 b5 20. axb5 Nxb5 21. Naxb5 axb5
22. b4 c4 23. Ra1 Bd7 24. Be3 Qe7 25. Bd4 Qh4 26. Ra6 Bf8 27. Rga1 Qh3 28. Qf4
Qh4 29. Ra7 Bg7 30. Qg3 Qd8 31. R1a6 Bc8 32. Ra5 Bd7 33. g5 Qc8 34. f4 Nd3 35.
Bxg7 Kxg7 36. Bxd3 cxd3 37. Qxd3 Kg8 38. R5a6 Bh3 39. Rc6 Qg4 40. Qg3 Qh5 41.
Kg1 Ra8 42. Raa6 Rxa6 43. Rxa6 Rc8 44. Rxd6 Ra8 45. Kf2 h6 46. gxh6 Ra1 47. Ke3
Rf1 48. Kd4 Kh7 49. Qg5 Rd1+ 50. Kc5 Rc1 51. Qf6 Qxh6 52. Rd8 1-0

[Event "Héviz GM"]
[Site "Hévíz"]
[Date "2015.10.02"]
[Round "1.5"]
[White "Vorobiov, Evgeny E"]
[Black "Korpa, Bence"]
[Result "1-0"]
[WhiteElo "2580"]
[BlackElo "2434"]
[PlyCount "99"]
[EventDate "2015.10.02"]
[EventType "tourn"]
[EventRounds "9"]
[EventCountry "HUN"]
[EventCategory "9"]

1. Nf3 d5 2. g3 Bg4 3. Bg2 Nd7 4. O-O e6 5. d3 Bd6 6. h3 Bh5 7. e4 Ne7 8. Qe2
c6 9. Nbd2 O-O 10. c3 Qc7 11. Re1 f6 12. b3 a5 13. Rb1 e5 14. Bb2 Bf7 15. d4
Bh5 16. c4 dxe4 17. Nxe4 Bb4 18. Red1 f5 19. Neg5 e4 20. a3 Bd6 21. c5 Bxg3 22.
fxg3 exf3 23. Qe6+ Kh8 24. Qd6 Qxd6 25. cxd6 Nc8 26. Nxf3 Nxd6 27. d5 c5 28.
Re1 Ne4 29. g4 fxg4 30. hxg4 Bg6 31. Nh4 Nd2 32. Rbd1 Nxb3 33. Nxg6+ hxg6 34.
Re7 Nf6 35. Rd3 Nd4 36. d6 Rad8 37. Rh3+ Kg8 38. g5 Nh5 39. Bd5+ Kh8 40. Bxd4
cxd4 41. d7 d3 42. Be4 d2 43. Rd3 Nf4 44. Rxd2 Nh3+ 45. Kg2 Nxg5 46. Bxb7 Nf7
47. Rf2 Nd6 48. Rxf8+ Rxf8 49. Bc6 Kg8 50. Re8 1-0

[Event "Héviz GM"]
[Site "Hévíz"]
[Date "2015.10.03"]
[Round "2.1"]
[White "Antic, Dejan"]
[Black "Korpa, Bence"]
[Result "1/2-1/2"]
[WhiteElo "2491"]
[BlackElo "2434"]
[PlyCount "39"]
[EventDate "2015.10.02"]
[EventType "tourn"]
[EventRounds "9"]
[EventCountry "HUN"]
[EventCategory "9"]

1. d4 Nf6 2. c4 e6 3. g3 d5 4. Nf3 Bb4+ 5. Bd2 Bd6 6. Bg2 c6 7. O-O Nbd7 8. Nc3
dxc4 9. Bg5 h6 10. Bxf6 Qxf6 11. Nd2 Bc7 12. Nxc4 O-O 13. f4 Nb6 14. Ne5 Rd8
15. e3 Qe7 16. Qh5 Nd5 17. Rae1 Bd7 18. Ne4 Be8 19. Qe2 f6 20. Nd3 1/2-1/2

[Event "Héviz GM"]
[Site "Hévíz"]
[Date "2015.10.03"]
[Round "2.2"]
[White "Horvath, Adam"]
[Black "Vorobiov, Evgeny E"]
[Result "1/2-1/2"]
[WhiteElo "2540"]
[BlackElo "2580"]
[PlyCount "44"]
[EventDate "2015.10.02"]
[EventType "tourn"]
[EventRounds "9"]
[EventCountry "HUN"]
[EventCategory "9"]

1. e4 c5 2. Nf3 d6 3. d4 cxd4 4. Nxd4 Nf6 5. Nc3 Nc6 6. Bg5 e6 7. Qd2 a6 8.
O-O-O Be7 9. f3 Nxd4 10. Qxd4 b5 11. h4 Bb7 12. Kb1 Rc8 13. Qd2 Qc7 14. Bd3 h6
15. Be3 Nd7 16. Bd4 Ne5 17. Ne2 O-O 18. Ng3 Rfe8 19. Nh5 Bf8 20. Rh3 Kh7 21.
Rg3 f6 22. Be2 Qf7 1/2-1/2

[Event "Héviz GM"]
[Site "Hévíz"]
[Date "2015.10.03"]
[Round "2.3"]
[White "Czebe, Attila"]
[Black "Kantor, Gergely"]
[Result "1-0"]
[WhiteElo "2439"]
[BlackElo "2403"]
[PlyCount "93"]
[EventDate "2015.10.02"]
[EventType "tourn"]
[EventRounds "9"]
[EventCountry "HUN"]
[EventCategory "9"]

1. Nf3 d5 2. b3 Bg4 3. Bb2 e6 4. Ne5 Bf5 5. d3 Nf6 6. Nd2 Nbd7 7. Nxd7 Qxd7 8.
g3 Be7 9. Bg2 O-O 10. e4 dxe4 11. dxe4 Bg6 12. Qe2 a5 13. O-O a4 14. h3 Rfd8
15. Rad1 axb3 16. axb3 Qe8 17. Ra1 Bb4 18. Rxa8 Rxa8 19. Rd1 Rd8 20. Nc4 Rxd1+
21. Qxd1 Bc5 22. Bxf6 gxf6 23. h4 b5 24. Nb2 h6 25. Nd3 Bd4 26. h5 Bh7 27. Qg4+
Kh8 28. Qf4 Qc6 29. Qxh6 Qxc2 30. Qf8+ Bg8 31. Bf1 Qd2 32. Kg2 c5 33. h6 Qg5
34. f4 Qg6 35. f5 exf5 36. exf5 Qg5 37. Be2 c4 38. bxc4 bxc4 39. Nf4 Kh7 40.
Bh5 Qxh6 41. Bg6+ fxg6 42. fxg6+ Qxg6 43. Nxg6 Bd5+ 44. Kh2 c3 45. Nf4 c2 46.
Qc8 Bb3 47. Ne2 1-0

[Event "Héviz GM"]
[Site "Hévíz"]
[Date "2015.10.03"]
[Round "2.4"]
[White "Pacher, Milan"]
[Black "Kozak, Adam"]
[Result "1-0"]
[WhiteElo "2471"]
[BlackElo "2349"]
[PlyCount "89"]
[EventDate "2015.10.02"]
[EventType "tourn"]
[EventRounds "9"]
[EventCountry "HUN"]
[EventCategory "9"]

1. d4 d5 2. c4 c6 3. Nf3 Nf6 4. e3 e6 5. Bd3 Nbd7 6. O-O Bd6 7. Nbd2 O-O 8. e4
e5 9. cxd5 cxd5 10. Re1 h6 11. exd5 exd4 12. Nxd4 Nxd5 13. Nf5 N7f6 14. Nxd6
Qxd6 15. Ne4 Nxe4 16. Bxe4 Be6 17. b3 Qc5 18. Bb2 Nc3 19. Bxc3 Qxc3 20. Bxb7
Rad8 21. Qc1 Qb4 22. Bf3 Rd2 23. Re4 Qd6 24. Ra4 Rd8 25. Qe1 Bd7 26. Rxa7 Qd4
27. Ra8 Rxa8 28. Bxa8 Rxf2 29. Kh1 Bb5 30. Qg1 Qf4 31. a4 Bd3 32. b4 Rb2 33. b5
Qb4 34. Bc6 h5 35. h3 h4 36. a5 Bxb5 37. Bxb5 Qxb5 38. a6 Qc6 39. a7 Qa8 40.
Qf1 Rb3 41. Kg1 Re3 42. Qb5 Kf8 43. Qb8+ Re8 44. Rb1 Qe4 45. Qb4+ 1-0

[Event "Héviz GM"]
[Site "Hévíz"]
[Date "2015.10.03"]
[Round "2.5"]
[White "Nomin-Erdene, Davaademberel"]
[Black "Varga, Zoltan"]
[Result "1-0"]
[WhiteElo "2434"]
[BlackElo "2461"]
[PlyCount "79"]
[EventDate "2015.10.02"]
[EventType "tourn"]
[EventRounds "9"]
[EventCountry "HUN"]
[EventCategory "9"]

1. e4 d5 2. exd5 Qxd5 3. Nc3 Qd6 4. d4 Nf6 5. Nf3 a6 6. g3 g6 7. Bg2 Bg7 8. Bf4
Qd8 9. Ne5 O-O 10. O-O Ne8 11. Ne4 Nd6 12. Nc5 Ra7 13. Ncd3 Nd7 14. Nxd7 Bxd7
15. Nc5 Bf5 16. c3 Re8 17. Re1 Bc8 18. Nd3 Ra8 19. Be5 Rb8 20. a4 Bxe5 21. dxe5
Nc4 22. Qe2 Be6 23. Nc5 Qc8 24. b3 Nb6 25. a5 Nd7 26. Nxe6 fxe6 27. Qg4 Nf8 28.
Re3 b6 29. Bc6 Rd8 30. b4 bxa5 31. bxa5 Rd2 32. Rf3 Qd8 33. Kg2 Rd3 34. Ra4
Rxf3 35. Qxf3 Rb3 36. Rd4 Qb8 37. Rd3 Ra3 38. Qf4 Rxa5 39. Rf3 Rc5 40. Qf7+ 1-0

[Event "Héviz GM"]
[Site "Hévíz"]
[Date "2015.10.04"]
[Round "3.2"]
[White "Kozak, Adam"]
[Black "Nomin-Erdene, Davaademberel"]
[Result "1-0"]
[WhiteElo "2349"]
[BlackElo "2424"]
[PlyCount "167"]
[EventDate "2015.10.02"]
[EventType "tourn"]
[EventRounds "9"]
[EventCountry "HUN"]
[EventCategory "9"]

1. d4 d5 2. c4 c6 3. Nc3 Nf6 4. e3 e6 5. Nf3 Nbd7 6. Qc2 Bd6 7. b3 Qe7 8. Be2
O-O 9. O-O h6 10. Bb2 Rd8 11. Rad1 b6 12. cxd5 exd5 13. Rfe1 Bb4 14. Rc1 Bb7
15. Red1 Ne4 16. Nxe4 dxe4 17. Ne5 Nxe5 18. dxe5 c5 19. Bc4 a6 20. a3 Ba5 21.
a4 Qe8 22. Qe2 Qe7 23. Rd6 b5 24. axb5 axb5 25. Bxb5 Rxd6 26. exd6 Qxd6 27. Qg4
f6 28. Rd1 Qf8 29. Bc4+ Kh8 30. Qg6 Rd8 31. Rxd8 Qxd8 32. Bxf6 Qd1+ 33. Bf1
gxf6 34. Qe8+ Kg7 35. Qe7+ Kg6 36. Qxb7 Qb1 37. Qd5 h5 38. Qxc5 Be1 39. Qc4 Kh6
40. Qe6 Qb2 41. Qf5 Bc3 42. Qxe4 Qxb3 43. g3 Qb4 44. Qf5 Qa5 45. Qd7 Qa1 46. h4
Qb1 47. Kg2 Qe4+ 48. Kh2 Qg4 49. Qd3 Be5 50. Kg2 Qg6 51. Qd5 Kg7 52. Be2 Qe8
53. Qb7+ Kh6 54. Bd3 Qg8 55. Be4 Qg7 56. Qa8 Bd6 57. Qe8 Be5 58. Bf3 Qg6 59.
Qh8+ Qh7 60. Qxh7+ Kxh7 61. Bxh5 Bc3 62. f4 Kh6 63. Be2 Be1 64. e4 Kg6 65. Kf3
Kg7 66. Bc4 Bc3 67. Kf2 Bd4+ 68. Ke2 Bc3 69. g4 Bb2 70. g5 Kg6 71. Kf3 Bc3 72.
Kg4 Bb2 73. Bd3 Kg7 74. Kf5 Bc3 75. e5 fxe5 76. fxe5 Bb4 77. h5 Bd2 78. h6+ Kh8
79. e6 Bb4 80. g6 Be7 81. g7+ Kh7 82. Kg4+ Kg8 83. Kh5 Bf6 84. e7 1-0

[Event "Héviz GM"]
[Site "Hévíz"]
[Date "2015.10.04"]
[Round "3.3"]
[White "Kantor, Gergely"]
[Black "Pacher, Milan"]
[Result "0-1"]
[WhiteElo "2403"]
[BlackElo "2471"]
[PlyCount "74"]
[EventDate "2015.10.02"]
[EventType "tourn"]
[EventRounds "9"]
[EventCountry "HUN"]
[EventCategory "9"]

1. d4 Nf6 2. c4 c5 3. d5 e6 4. Nc3 exd5 5. cxd5 d6 6. Nf3 g6 7. Nd2 Bg7 8. e4
O-O 9. Be2 a6 10. a4 Re8 11. O-O Nbd7 12. f4 Rb8 13. Kh1 h5 14. Qc2 Ng4 15. Nf3
Bd4 16. Nd1 b5 17. axb5 axb5 18. Nxd4 cxd4 19. b4 Ndf6 20. Bf3 Rb7 21. Bb2 Rbe7
22. Nf2 Qb6 23. Rad1 Ne3 24. Qb1 Nxd1 25. Rxd1 Ng4 26. Nh3 d3 27. Qxd3 Qe3 28.
Qc2 Bf5 29. Bd4 Bxe4 30. Qb2 Qxf3 31. gxf3 Bxf3+ 32. Qg2 Re1+ 33. Rxe1 Rxe1+
34. Ng1 Bxg2+ 35. Kxg2 Rb1 36. h3 Rxb4 37. Ne2 Nh6 0-1

[Event "Héviz GM"]
[Site "Hévíz"]
[Date "2015.10.04"]
[Round "3.4"]
[White "Vorobiov, Evgeny E"]
[Black "Czebe, Attila"]
[Result "1/2-1/2"]
[WhiteElo "2580"]
[BlackElo "2441"]
[PlyCount "24"]
[EventDate "2015.10.02"]
[EventType "tourn"]
[EventRounds "9"]
[EventCountry "HUN"]
[EventCategory "9"]

1. d4 d6 2. Nf3 g6 3. c4 Bg7 4. g3 Nd7 5. Bg2 e5 6. Nc3 exd4 7. Nxd4 Ne7 8. Kf1
Ng8 9. Ke1 Ne7 10. Bf4 Nb6 11. Qd3 d5 12. c5 Nd7 1/2-1/2

[Event "Héviz GM"]
[Site "Hévíz"]
[Date "2015.10.04"]
[Round "3.5"]
[White "Korpa, Bence"]
[Black "Horvath, Adam"]
[Result "0-1"]
[WhiteElo "2430"]
[BlackElo "2535"]
[PlyCount "169"]
[EventDate "2015.10.02"]
[EventType "tourn"]
[EventRounds "9"]
[EventCountry "HUN"]
[EventCategory "9"]

1. e4 c5 2. Nf3 e6 3. d4 cxd4 4. Nxd4 Nc6 5. Nc3 Qc7 6. g3 a6 7. Bg2 Nge7 8.
Nb3 d6 9. a4 g6 10. f4 Bg7 11. Be3 e5 12. O-O Be6 13. Nd5 Bxd5 14. exd5 exf4
15. dxc6 fxe3 16. cxb7 Rb8 17. Qf3 O-O 18. Qxe3 Bxb2 19. Rae1 Be5 20. Qd3 Rxb7
21. Bxb7 Qxb7 22. Nd2 Nf5 23. Nf3 Bg7 24. g4 Qb6+ 25. Kg2 Nd4 26. Nxd4 Bxd4 27.
Re7 Qd8 28. Rb7 Qe8 29. Qf3 Qe6 30. Kh1 Kg7 31. Qb3 Qe4+ 32. Qf3 Qe6 33. Rc7
Bc5 34. h3 a5 35. Rb7 Qc4 36. Re7 Kg8 37. Qd3 Qxa4 38. Qd5 Qd4 39. Qxd4 Bxd4
40. Rc7 Bc5 41. Rf4 g5 42. Ra4 Re8 43. Rxa5 Re1+ 44. Kg2 Re2+ 45. Kf3 Rxc2 46.
Rb5 Rc4 47. Rb3 Kg7 48. Rd7 Kf6 49. Rbb7 Rf4+ 50. Kg2 Kg7 51. Rb3 h6 52. Rf3
Rxf3 53. Kxf3 Bb4 54. Ke4 Bc5 55. Rb7 Kg6 56. Rb8 Ba3 57. Rg8+ Kh7 58. Ra8 Bb2
59. Kf5 Kg7 60. Rb8 Be5 61. Ke4 Bf4 62. Rb5 Be5 63. Ra5 Kg6 64. Ra8 Kg7 65. Kd5
Kg6 66. Ke4 Kg7 67. Ra2 Kg6 68. Rf2 Bg3 69. Rf5 Be5 70. Kd5 h5 71. Kc6 hxg4 72.
hxg4 f6 73. Kd5 Bf4 74. Ke6 Be5 75. Rf3 Bf4 76. Ra3 Be5 77. Ra5 Bf4 78. Ra8 Be5
79. Rg8+ Kh7 80. Kf7 d5 81. Rc8 d4 82. Rd8 f5 83. Ke6 fxg4 84. Kxe5 g3 85. Rxd4
0-1

[Event "Héviz GM"]
[Site "Hévíz"]
[Date "2015.10.05"]
[Round "4.1"]
[White "Antic, Dejan"]
[Black "Horvath, Adam"]
[Result "1-0"]
[WhiteElo "2487"]
[BlackElo "2535"]
[PlyCount "55"]
[EventDate "2015.10.02"]
[EventType "tourn"]
[EventRounds "9"]
[EventCountry "HUN"]
[EventCategory "9"]

1. d4 Nf6 2. c4 e6 3. Nf3 d5 4. Nc3 dxc4 5. e3 a6 6. a4 c5 7. Bxc4 Nc6 8. O-O
Be7 9. dxc5 Bxc5 10. Qe2 Qc7 11. Bd2 b6 12. Bd3 Nb4 13. Bb1 Bb7 14. e4 e5 15.
a5 bxa5 16. Rc1 Rc8 17. Nd5 Qd6 18. Rxa5 Nfxd5 19. exd5 f6 20. Bf5 Rc7 21.
Rcxc5 Rxc5 22. Bxb4 Rc1+ 23. Be1 Qb4 24. Ra3 Bxd5 25. Rc3 Rxc3 26. Bxc3 Qd6 27.
h4 Qc6 28. Nxe5 1-0

[Event "Héviz GM"]
[Site "Hévíz"]
[Date "2015.10.05"]
[Round "4.2"]
[White "Czebe, Attila"]
[Black "Korpa, Bence"]
[Result "1/2-1/2"]
[WhiteElo "2441"]
[BlackElo "2430"]
[PlyCount "64"]
[EventDate "2015.10.02"]
[EventType "tourn"]
[EventRounds "9"]
[EventCountry "HUN"]
[EventCategory "9"]

1. c4 e6 2. Nf3 Nf6 3. g3 d5 4. b3 Be7 5. Bg2 O-O 6. O-O c5 7. e3 Nc6 8. Bb2 d4
9. exd4 cxd4 10. Re1 Ne8 11. a3 a5 12. d3 f6 13. Nbd2 Nc7 14. Re2 e5 15. Qf1
Re8 16. Ne1 Bg4 17. f3 Bh5 18. Nc2 f5 19. Rf2 Bc5 20. Re1 Bg6 21. f4 e4 22.
dxe4 fxe4 23. Nxe4 Bxe4 24. Bxe4 d3 25. Qxd3 Qxd3 26. Bxd3 Rxe1+ 27. Nxe1 Re8
28. Kf1 Bxf2 29. Kxf2 Na6 30. Nf3 Nc5 31. Bc2 Ne4+ 32. Kf1 Nf6 1/2-1/2

[Event "Héviz GM"]
[Site "Hévíz"]
[Date "2015.10.05"]
[Round "4.3"]
[White "Pacher, Milan"]
[Black "Vorobiov, Evgeny E"]
[Result "1/2-1/2"]
[WhiteElo "2471"]
[BlackElo "2580"]
[PlyCount "60"]
[EventDate "2015.10.02"]
[EventType "tourn"]
[EventRounds "9"]
[EventCountry "HUN"]
[EventCategory "9"]

1. e4 c5 2. Nf3 Nc6 3. d4 cxd4 4. Nxd4 g6 5. Nc3 Bg7 6. Be3 Nf6 7. Nxc6 bxc6 8.
e5 Ng8 9. Bd4 Qa5 10. Bc4 Bxe5 11. O-O f6 12. Re1 Nh6 13. Ne4 Kf8 14. Qc1 Nf7
15. b4 Qc7 16. Bxe5 Qxe5 17. Nc5 Qc7 18. Qe3 d6 19. Ne6+ Bxe6 20. Bxe6 Rb8 21.
Rab1 Rb5 22. Qc3 Kg7 23. a4 Rb7 24. Rb3 Rd8 25. b5 cxb5 26. Bd5 Qxc3 27. Rxc3
Rbd7 28. axb5 Rb8 29. Rce3 Kf8 30. c4 Rc7 1/2-1/2

[Event "Héviz GM"]
[Site "Hévíz"]
[Date "2015.10.05"]
[Round "4.4"]
[White "Nomin-Erdene, Davaademberel"]
[Black "Kantor, Gergely"]
[Result "1/2-1/2"]
[WhiteElo "2424"]
[BlackElo "2403"]
[PlyCount "84"]
[EventDate "2015.10.02"]
[EventType "tourn"]
[EventRounds "9"]
[EventCountry "HUN"]
[EventCategory "9"]

1. e4 e5 2. Nf3 Nc6 3. Bb5 Nf6 4. O-O Nxe4 5. Re1 Nd6 6. Nxe5 Be7 7. Bf1 Nxe5
8. Rxe5 O-O 9. Nc3 Ne8 10. Nd5 Bd6 11. Re1 c6 12. Ne3 Bc7 13. Nf5 d5 14. Ne7+
Kh8 15. Nxc8 Rxc8 16. d4 Nf6 17. Bd3 Re8 18. Rxe8+ Qxe8 19. Be3 Qe6 20. Qf3 Ne4
21. Re1 Re8 22. Qh5 Nf6 23. Qh4 Qg4 24. Qxg4 Nxg4 25. h3 Nxe3 26. Rxe3 Rxe3 27.
fxe3 g6 28. g4 Kg7 29. c4 dxc4 30. Bxc4 Bd6 31. Kf2 c5 32. dxc5 Bxc5 33. Kf3
Kf6 34. Kf4 h6 35. Ke4 Ke7 36. a3 a5 37. a4 b6 38. b3 Kf6 39. Bd5 Ke7 40. Bc4
Kf6 41. Bd5 Ke7 42. Bc4 Kf6 1/2-1/2

[Event "Héviz GM"]
[Site "Hévíz"]
[Date "2015.10.05"]
[Round "4.5"]
[White "Varga, Zoltan"]
[Black "Kozak, Adam"]
[Result "1/2-1/2"]
[WhiteElo "2460"]
[BlackElo "2349"]
[PlyCount "52"]
[EventDate "2015.10.02"]
[EventType "tourn"]
[EventRounds "9"]
[EventCountry "HUN"]
[EventCategory "9"]

1. e4 e5 2. Nf3 Nc6 3. Bb5 a6 4. Ba4 Nf6 5. d3 d6 6. c4 Be7 7. h3 O-O 8. Nc3
Nd7 9. O-O Bf6 10. Nd5 Nc5 11. Be3 Nd4 12. Bc2 c6 13. Nxf6+ Qxf6 14. Nxd4 exd4
15. Bd2 Qg6 16. Kh2 a5 17. Bxa5 Rxa5 18. b4 Ra3 19. bxc5 dxc5 20. f4 Rc3 21. a4
Qd6 22. Rf2 Qc7 23. Qh5 f5 24. Re1 Qf7 25. Qh4 Qf6 26. Qxf6 gxf6 1/2-1/2

[Event "Héviz GM"]
[Site "Hévíz"]
[Date "2015.10.06"]
[Round "5.1"]
[White "Kozak, Adam"]
[Black "Antic, Dejan"]
[Result "1/2-1/2"]
[WhiteElo "2349"]
[BlackElo "2487"]
[PlyCount "115"]
[EventDate "2015.10.02"]
[EventType "tourn"]
[EventRounds "9"]
[EventCountry "HUN"]
[EventCategory "9"]

1. d4 e6 2. c4 Bb4+ 3. Bd2 a5 4. Nc3 Nf6 5. e4 Bxc3 6. Bxc3 Nxe4 7. Qg4 d5 8.
Qxg7 Qf6 9. Qxf6 Nxf6 10. f3 Rg8 11. Kf2 dxc4 12. Bxc4 Nbd7 13. Bb5 Ke7 14. Ne2
Nb6 15. Bd3 h5 16. h3 Bd7 17. g4 Nbd5 18. a3 Nxc3 19. bxc3 Bc6 20. Rhg1 hxg4
21. hxg4 Rg5 22. c4 Rh8 23. Ke3 Rh3 24. Rg3 Rh2 25. Nc3 Rg8 26. Rb1 b6 27. Be2
Nd7 28. g5 Nf8 29. Bd3 Ng6 30. Bxg6 Rxg6 31. Ne2 Rg8 32. Rbg1 Bb7 33. R3g2 Rh3
34. Rg3 Rxg3 35. Rxg3 Ba6 36. Kd3 b5 37. cxb5 Bxb5+ 38. Kd2 Bxe2 39. Kxe2 Rb8
40. f4 Rb2+ 41. Kf3 Rb3+ 42. Kg4 a4 43. Rh3 Rxh3 44. Kxh3 Kd6 45. Kg4 Kd5 46.
f5 exf5+ 47. Kxf5 Kxd4 48. Kf6 c5 49. Kxf7 c4 50. g6 c3 51. g7 c2 52. g8=Q c1=Q
53. Qg4+ Kd3 54. Qxa4 Qc4+ 55. Qxc4+ Kxc4 56. Ke6 Kb3 57. Kd5 Kxa3 58. Ke4
1/2-1/2

[Event "Héviz GM"]
[Site "Hévíz"]
[Date "2015.10.06"]
[Round "5.2"]
[White "Kantor, Gergely"]
[Black "Varga, Zoltan"]
[Result "0-1"]
[WhiteElo "2403"]
[BlackElo "2460"]
[PlyCount "66"]
[EventDate "2015.10.02"]
[EventType "tourn"]
[EventRounds "9"]
[EventCountry "HUN"]
[EventCategory "9"]

1. d4 d5 2. Nf3 c6 3. c4 Nf6 4. Nc3 dxc4 5. a4 e6 6. e4 Bb4 7. e5 Nd5 8. Bd2 b5
9. axb5 Bxc3 10. bxc3 cxb5 11. Ng5 h6 12. Ne4 O-O 13. Qh5 Nc6 14. h4 f5 15. Nd6
Bd7 16. Qf3 Na5 17. g4 Nb3 18. gxf5 Nxa1 19. Rg1 Kh7 20. Qe4 exf5 21. Qxd5 Qxh4
22. Qf3 b4 23. Bxc4 Nc2+ 24. Kf1 bxc3 25. Bxc3 Rab8 26. Qd1 Qh3+ 27. Rg2 Qxc3
28. Rg3 Qxg3 29. fxg3 Ne3+ 30. Ke2 Nxd1 31. Kxd1 Rb6 32. d5 Rxd6 33. exd6 Kg6
0-1

[Event "Héviz GM"]
[Site "Hévíz"]
[Date "2015.10.06"]
[Round "5.3"]
[White "Vorobiov, Evgeny E"]
[Black "Nomin-Erdene, Davaademberel"]
[Result "0-1"]
[WhiteElo "2580"]
[BlackElo "2424"]
[PlyCount "52"]
[EventDate "2015.10.02"]
[EventType "tourn"]
[EventRounds "9"]
[EventCountry "HUN"]
[EventCategory "9"]

1. Nf3 d5 2. g3 Nc6 3. Bg2 e5 4. O-O f6 5. d3 Be6 6. a3 a5 7. b3 Nge7 8. Bb2
Qd7 9. Re1 g5 10. Nc3 Bg7 11. e4 d4 12. Ne2 Rd8 13. Rc1 Ng6 14. c3 dxc3 15.
Rxc3 h5 16. Qc2 h4 17. d4 exd4 18. Nfxd4 Nxd4 19. Nxd4 Qxd4 20. Rxc7 Qd2 21.
Qxd2 Rxd2 22. Rxg7 Rxb2 23. e5 Nxe5 24. f4 gxf4 25. gxf4 Kf8 26. Rxb7 Rxg2+ 0-1

[Event "Héviz GM"]
[Site "Hévíz"]
[Date "2015.10.06"]
[Round "5.4"]
[White "Korpa, Bence"]
[Black "Pacher, Milan"]
[Result "0-1"]
[WhiteElo "2430"]
[BlackElo "2471"]
[PlyCount "96"]
[EventDate "2015.10.02"]
[EventType "tourn"]
[EventRounds "9"]
[EventCountry "HUN"]
[EventCategory "9"]

1. Nf3 d5 2. g3 g6 3. c4 dxc4 4. Na3 Bg7 5. Nxc4 Nc6 6. Bg2 e5 7. d3 Nge7 8.
O-O O-O 9. Bd2 Bg4 10. Bc3 Nd4 11. Re1 Bxf3 12. Bxf3 Nd5 13. Bg2 c6 14. Bd2 Qd7
15. b4 Rad8 16. Rb1 f5 17. a4 e4 18. dxe4 fxe4 19. Bxe4 Qe6 20. Bd3 Qh3 21. Be4
Qe6 22. Bd3 Qh3 23. Rf1 Nf5 24. Qb3 Kh8 25. Rbe1 Nf6 26. Ne5 Nd4 27. Qc4 Rd5
28. f3 Nh5 29. Ng4 Nxg3 30. Rf2 Ndxe2+ 31. Bxe2 Rxd2 32. Bf1 Nxf1 33. Qxf1
Qxf1+ 34. Kxf1 Rd4 35. Rb1 Rdf4 36. Kg2 Bd4 37. Rd2 h5 38. Nf2 Rxf3 39. Rxd4
Rxf2+ 40. Kg1 Kg7 41. Re1 R2f4 42. Rxf4 Rxf4 43. Re7+ Rf7 44. Re6 Kh6 45. a5 a6
46. Re4 Kg5 47. h4+ Kf5 48. Re8 Kg4 0-1

[Event "Héviz GM"]
[Site "Hévíz"]
[Date "2015.10.06"]
[Round "5.5"]
[White "Horvath, Adam"]
[Black "Czebe, Attila"]
[Result "1/2-1/2"]
[WhiteElo "2535"]
[BlackElo "2441"]
[PlyCount "54"]
[EventDate "2015.10.02"]
[EventType "tourn"]
[EventRounds "9"]
[EventCountry "HUN"]
[EventCategory "9"]

1. e4 e5 2. Nf3 Nc6 3. Bb5 Nf6 4. O-O Nxe4 5. Re1 Nd6 6. Nxe5 Be7 7. Bf1 Nxe5
8. Rxe5 O-O 9. d4 Bf6 10. Re1 Nf5 11. c3 d5 12. Bf4 Nh4 13. Nd2 a5 14. a4 Ng6
15. Bg3 c6 16. Bd3 Bg5 17. Nf3 Bg4 18. h3 Bh5 19. Bf5 Bxf3 20. Qxf3 Nh4 21.
Bxh4 Bxh4 22. g3 Bf6 23. Re2 g6 24. Bd3 Kg7 25. Kg2 Qd7 26. Rae1 Rfe8 27. h4 h5
1/2-1/2

[Event "Héviz GM"]
[Site "Hévíz"]
[Date "2015.10.07"]
[Round "6.1"]
[White "Antic, Dejan"]
[Black "Czebe, Attila"]
[Result "0-1"]
[WhiteElo "2487"]
[BlackElo "2441"]
[PlyCount "66"]
[EventDate "2015.10.02"]
[EventType "tourn"]
[EventRounds "9"]
[EventCountry "HUN"]
[EventCategory "9"]

1. d4 d6 2. c4 e5 3. Nc3 Nf6 4. Nf3 e4 5. Nd2 Bf5 6. Nb3 c6 7. Bg5 Nbd7 8. e3
h6 9. Bh4 Be7 10. Be2 O-O 11. O-O Ne8 12. Bxe7 Qxe7 13. Nd2 Nc7 14. b4 Bh7 15.
Nb3 b6 16. Qd2 f5 17. f3 Nf6 18. fxe4 fxe4 19. c5 Kh8 20. b5 cxb5 21. cxb6 axb6
22. Nxb5 Bg8 23. Rac1 Nxb5 24. Bxb5 Bd5 25. h3 Qe6 26. Qb2 Rf7 27. Bc6 Bxc6 28.
Rxc6 Nd5 29. Rxf7 Qxf7 30. Rxd6 Nxe3 31. Qe2 Qf4 32. Rxb6 Rf8 33. Re6 Nf1 0-1

[Event "Héviz GM"]
[Site "Hévíz"]
[Date "2015.10.07"]
[Round "6.2"]
[White "Pacher, Milan"]
[Black "Horvath, Adam"]
[Result "1-0"]
[WhiteElo "2471"]
[BlackElo "2535"]
[PlyCount "65"]
[EventDate "2015.10.02"]
[EventType "tourn"]
[EventRounds "9"]
[EventCountry "HUN"]
[EventCategory "9"]

1. d4 Nf6 2. c4 e6 3. Nf3 d5 4. Nc3 a6 5. cxd5 exd5 6. Bg5 Be7 7. e3 O-O 8. Bd3
Re8 9. O-O Nbd7 10. Qc2 g6 11. b4 Nf8 12. a4 Ne6 13. Bh4 Ng7 14. b5 a5 15. Rfc1
Bf5 16. Ne5 Be6 17. h3 Nf5 18. Bxf5 Bxf5 19. Qb3 Be6 20. Ra2 Nd7 21. Bxe7 Rxe7
22. Nxd7 Qxd7 23. Ne2 f6 24. Rac2 b6 25. Nf4 Bf7 26. Rc6 Kg7 27. Qc2 Ra7 28.
Qd1 Ra8 29. Qf3 f5 30. Qg3 Rc8 31. Qg5 Be8 32. Nh5+ Kh8 33. Qh6 1-0